| 000 | 00809nam a2200217Ii 4500 | ||
|---|---|---|---|
| 003 | JO-AjNU | ||
| 008 | 230605s9999||||xx |||||||||||||| ||und|| | ||
| 040 |
_aJO-AjNU _bara _erda _cJO-AjNU |
||
| 041 | _aara | ||
| 050 | 1 | 4 | _aBR121.M3412 1991 |
| 100 | 3 |
_aماكبي، هيم ؛ ترجمة: سميرة عزمي الزين, _eauthor _956449 |
|
| 245 | 0 | 0 | _aبولس وتحريف المسيحية |
| 250 | _aط1 | ||
| 264 | 3 | 1 | _aد.م: منشورات المعهد الدولي للدراسات الانسانية، 1991 |
| 300 | _a103ص | ||
| 336 |
_atext _btxt _2rdacontent |
||
| 337 |
_aunmediated _bn _2rdamedia |
||
| 338 |
_avolume _bnc _2rdacarrier |
||
| 490 | 0 | _aمن اجل الحقيقة3 | |
| 650 | 4 |
_aالمسيحية واليهودية- عيسى عليه السلام- بولس الرسول _956450 |
|
| 999 |
_aA25237 _c28805 _d28805 |
||